Dedkove ruky

Bibliographic Details
Main Author: Hudák, Štefan (Author)
Format: Article
Language:Slovak
Subjects:

MARC

LEADER 00000nab a2200000 a 4500
001 vtls000028492
003 SK-MaSNL
005 20260304002551.0
008 111103c1979 xo 0 slo
015 |a SNBRB19rr/mm-uuuuu 
035 |a CL0038586 
040 |a SNKBUCL  |b slo  |c SNKBUCL  |e AACR2 
041 0 |a slo 
044 |a xo  |c SK 
080 |a 885.4-1(087.5)  |2 1981 
100 1 |a Hudák, Štefan  |4 aut  |9 112874 
245 1 0 |a Dedkove ruky  |c Štefan Hudák 
655 7 |a články z novín a časopisov  |2 snkbucl  |9 267496 
655 7 |a články z odboru literárna veda a krásna literatúra  |2 snkbucl  |9 770045 
655 7 |a literatúra pre deti a mládež  |2 snkbucl  |9 189378 
655 7 |a slovenská poézia  |2 snkbucl  |9 70444 
773 0 |t Ohník  |g Roč. 31, č. 13 (1978/1979), s. 2 
850 |a Slovenská národná knižnica 
852 |a Slovenská národná knižnica 
958 |a RK 
958 |a LX 
992 |a RBX 
999 |c 2542521  |d 2544451